[Event "FIDE Chesscom Grand Swiss 2019"]
[Site "Douglas-Isle of Man"]
[Date "2019.10.19"]
[Round "9.6"]
[White "Vitiugov, Nikita"]
[Black "Wang, Hao"]
[Result "1/2-1/2"]
[WhiteElo "2732"]
[BlackElo "2726"]
[Annotator "TA"]
[PlyCount "155"]
[EventDate "2019.10.10"]
[EventType "swiss"]
[EventCountry "GBR"]
[SourceTitle "playchess.com"]
[Source "ChessBase"]
[SourceQuality "1"]

{[%evp 18,155,24,17,26,0,19,18,20,16,19,0,0,0,0,0,0,0,18,0,0,0,11,0,0,0,0,0,0,0,0,0,0,0,0,0,0,0,0,-8,0,-8,0,-9,-7,-7,-7,-14,-13,-16,0,0,0,-67,-59,-59,-57,-145,-135,-131,0,-59,-46,-42,-41,-45,-37,-35,-43,-43,-41,-42,0,-44,-47,-47,-45,-45,-43,-47,-36,-43,-43,-47,-47,-47,-49,-54,-34,-41,-34,-39,-46,-74,-67,-115,-100,-108,-108,-108,-92,-145,-125,-125,-127,-116,-90,-140,-129,-71,-75,-480,-472,-384,-311,-800,-758,-3947,-3458,-2450,-1870,-1711,-935,-935,-935,-935,-935,-737,-109,-109,-75,-75,-75,-75,-75,-75,0,0,0,0]} 1. e4 c5 2. Nf3 d6 3. d4 cxd4 4. Nxd4 Nf6 5. Nc3 a6 6. a4 g6 7. Be2 Bg7 8. O-O O-O 9. Be3 Nc6 10. Qd2 Bd7 {B90: Sicilian Najdorf: Unusual White 6th moves, 6 Be3 Ng4 and 6 Be3 e5} (10... Nxd4 11. Bxd4 Be6 12. a5 Rc8 13. Ra4 Rc6 14. f4 Qd7 15. Rb4 Rfc8 16. Bd3 Bc4 17. h3 Bxd3 18. Qxd3 {1-0 (42) Vitiugov,N (2726)-Duda,J (2731) Prague 2019}) 11. Rfd1 Ng4 12. Bxg4 Bxg4 13. f3 Be6 14. Nd5 Bxd5 15. exd5 Nxd4 16. Bxd4 Bxd4+ 17. Qxd4 Rc8 $146 ({Predecessor:} 17... b5 18. c3 {½-½ (35) Tanis,C (2092)-Meissner,R (2197) ICCF email 2010}) 18. Rd2 Qa5 19. c3 Rfe8 20. Kf2 b5 21. b4 Qd8 22. axb5 axb5 23. Re2 Rc4 24. Qd3 Qc7 25. Ra3 Rc8 26. Re3 Qb7 27. h3 h5 28. Kg1 h4 29. Qd2 Kg7 30. Qe1 R8c7 31. Rd3 Qc8 32. Qe3 Qf5 33. Ra5 Qf6 {[%cal Rc4c3]} 34. Ra3 $1 g5 35. Kf2 (35. Qd2 $11) 35... g4 $15 36. hxg4 Rxg4 37. Kf1 (37. Kg1 $15 Rg5 38. Kh2) 37... Rg3 38. Ra2 Rg4 (38... Rc4 $17 39. Re2 Qg6) 39. Kg1 (39. Ra3 $11) 39... Rgc4 {[%cal Rc4c3]} 40. Ra3 $1 Qg6 41. Kf1 Qf5 42. Kg1 Qf6 43. Kh1 Rc8 44. Kg1 R8c7 45. Kh1 Qg6 46. Ra2 Qg3 47. Re2 Rc8 48. Qa7 Rh8 49. Kg1 ({Avoid the trap} 49. Qxe7 $2 h3 $19) 49... h3 50. Rd4 {[#] Threatening Rxc4.} Qg5 $1 {[%mdl 512]} 51. Qxe7 Qxe7 52. Rxe7 Rxc3 {White must now prevent ...h2+.} 53. gxh3 Rxf3 {[%mdl 4096] Endgame KRR-KRR} 54. Rb7 Rhxh3 55. Rg4+ Kf6 56. Kg2 Ke5 57. Rxb5 f5 58. Rg8 Rb3 59. Rb6 (59. Ra5 $142) 59... Rhd3 $17 ({But not} 59... Kxd5 60. Rg6 $17) 60. Re8+ Kf4 $1 61. Re2 Rxd5 62. Rf2+ {[#]} Ke4 $1 63. Rb8 (63. Re2+ $142 Re3 64. Kf2) 63... f4 {Hoping for ...Rg5+.} 64. Rf8 $2 {[%mdl 8192]} (64. Re2+ $17 Re3 65. Kf2) 64... Rg5+ $19 65. Kh2 f3 66. Re8+ $2 (66. Rf1) 66... Kf4 {( -> ...Rh5+)} 67. Rf8+ Kg4 68. Rh8 Rxb4 69. Rh3 Rb3 70. Rg3+ Kf4 71. Rxg5 Kxg5 {KR-KR} 72. Kg3 {[#]} Rd3 $2 (72... Kf6 $1 $19 {[%cal Rf6e5] is more deadly.} 73. Rd2 Ke5) 73. Rf1 $17 Kf5 {And now ...Ke4 would win.} 74. Re1 d5 75. Re8 Rc3 76. Re7 d4 ({Black should play} 76... Rb3 $17 {aiming for ...Rc3.} 77. Rd7 Ke5 78. Re7+ Kd4) 77. Re8 $1 $11 Ra3 78. Re7 $1 {Accuracy: White = 55%, Black = 69%.} 1/2-1/2

[Event "FIDE Chesscom Grand Swiss 2019"]
[Site "Douglas-Isle of Man"]
[Date "2019.10.19"]
[Round "9.6"]
[White "Berkes, Ferenc"]
[Black "Van Foreest, Jorden"]
[Result "1/2-1/2"]
[WhiteElo "2667"]
[BlackElo "2621"]
[Annotator "TA"]
[PlyCount "65"]
[EventDate "2019.10.10"]
[EventType "swiss"]
[EventCountry "GBR"]
[SourceTitle "playchess.com"]
[Source "ChessBase"]
[SourceQuality "1"]

{[%evp 10,65,-2,-8,-15,0,-3,-10,-6,0,-4,-41,16,-22,-42,-34,-34,-34,-34,-24,-25,-24,-21,-29,-10,-17,0,-14,0,0,0,0,0,-15,0,0,0,-4,0,0,0,0,0,0,0,0,0,0,0,-1,0,0,0,0,0,0,0,0]} 1. d4 d5 2. Nf3 Nf6 3. Bf4 c5 4. e3 Nc6 5. c3 Qb6 6. Qc2 Nh5 {D02: 1 d4 d5 2 Nf3 sidelines, including 2...Nf6 3 g3 and 2...Nf6 3 Bf4} (6... g6 7. Nbd2 Bg7 8. h3 O-O 9. Be2 Nd7 10. O-O e5 11. dxe5 Ndxe5 12. Nxe5 Nxe5 13. e4 dxe4 14. Nxe4 {½-½ (23) Laznicka,V (2668)-Nisipeanu,L (2674) Germany 2019}) 7. Be5 f6 8. dxc5 Qxc5 9. Bd4 Qa5 10. Be2 $146 ({Predecessor:} 10. e4 Nxd4 11. Nxd4 Bd7 12. g3 Rc8 13. Be2 g6 14. Nb3 {1-0 (39) Terbe,J (2272)-Vazquez Igarza,R (2570) Lorca 2018}) 10... g6 ({Black should play} 10... e5 $15 11. b4 Qc7) 11. O-O (11. b4 $5 {[%cal Rb4a5]} Qc7 12. Qb3 $15) 11... e5 12. b4 Qc7 13. Bc5 Bxc5 14. bxc5 O-O 15. Rd1 Rd8 16. Nbd2 Be6 17. Nb3 {The position is equal.} Ng7 18. c4 dxc4 19. Bxc4 Bxc4 20. Qxc4+ Qf7 21. Nfd2 Qxc4 22. Nxc4 Kf8 23. Kf1 Ke7 24. Nba5 Rxd1+ 25. Rxd1 Nd8 26. Nd6 Rb8 27. Nb5 Nge6 28. Nb3 Nc6 29. Ke2 Rc8 30. Nd6 Rc7 31. Nb5 Rc8 32. Nd6 Rc7 33. Nb5 {Accuracy: White = 69%, Black = 69%.} 1/2-1/2

[Event "FIDE Chesscom Grand Swiss 2019"]
[Site "Douglas-Isle of Man"]
[Date "2019.10.19"]
[Round "9.7"]
[White "Matlakov, Maxim"]
[Black "Gelfand, Boris"]
[Result "1-0"]
[WhiteElo "2716"]
[BlackElo "2686"]
[Annotator "TA"]
[PlyCount "85"]
[EventDate "2019.10.10"]
[EventType "swiss"]
[EventCountry "GBR"]
[SourceTitle "playchess.com"]
[Source "ChessBase"]
[SourceQuality "1"]

{[%evp 16,85,0,-51,-54,-44,-8,0,24,-9,17,14,20,22,21,14,21,20,101,118,114,105,116,110,145,109,122,117,129,106,109,114,185,187,187,191,201,202,219,223,214,195,349,344,409,412,344,321,305,0,318,265,330,335,347,242,415,243,227,178,418,0,353,367,491,474,660,660,649,626,29973,29967]} 1. d4 Nf6 2. c4 e6 3. Nf3 d5 4. Nc3 c6 5. Bg5 h6 6. Bh4 dxc4 7. e4 g5 8. Bg3 b5 9. h4 (9. Be2 $11) 9... g4 $1 $15 {[%cal Rg4f3] D43: Semi-Slav: 5 Bg5 h6} 10. Ne5 Nbd7 11. Be2 Bb7 {The position is equal.} 12. O-O (12. Nxg4 b4 13. Nxf6+ Nxf6 14. Na4 Nxe4 15. Be5 Rg8 16. Bxc4 Bd6 17. Qh5 Bxe5 18. Qxe5 c5 19. Nxc5 Nxc5 20. dxc5 {½-½ (41) Sarana,A (2655)-Matlakov,M (2710) Izhevsk 2019}) 12... Rg8 13. Nxg4 b4 14. Na4 Nxe4 15. Bxc4 Qa5 16. Qe2 {[#]} Qh5 $146 ({Wrong is} 16... Nxg3 $2 17. fxg3 O-O-O 18. Rxf7 $18) (16... c5 $1 $11 17. Rad1 O-O-O 18. Nxc5 Ndxc5 19. dxc5 Bxc5) ({Predecessor:} 16... Qf5 17. Ne3 {½-½ (17) Levin,E (2539)-Smirnov,P (2576) Batumi 2018}) 17. Qxe4 $16 Qxg4 18. Qe3 $1 Bd6 19. Be2 $36 {[%mdl 2048] White is on the roll.} Qg7 {[%cal Rd6g3]} 20. Nc5 O-O-O 21. Nxb7 Kxb7 {[#]} 22. a3 $1 {Hoping for d5.} Nb6 23. axb4 {Strongly threatening Qa3.} Bxg3 (23... f5 $16) 24. fxg3 $18 Nd5 25. Qf2 ({Don't do} 25. Qa3 $6 Qxd4+ 26. Kh2 f5 $16) 25... f5 {[#]} 26. Ra3 $1 Kb8 27. b5 cxb5 28. Bxb5 Rc8 $2 (28... Rd6 29. Bc4 Nb6) 29. Re1 Qe7 30. Rb3 Ka8 31. Ba6 Rc6 32. Bb5 $2 ({White should play} 32. Bb7+ $18 Qxb7 33. Rxb7 Kxb7 34. Qf3) 32... Rc7 $2 {[%mdl 8192]} (32... Rcc8 $1 $11 {and Black stays safe.}) 33. Re5 Qd6 34. Be2 Rc2 35. Qe1 Qc6 $2 (35... Rb8 36. Rxb8+ Kxb8) 36. Kh2 (36. Qa5 $142 {And now Rxe6! would win.} f4 37. g4 Rxe2 38. Rxe2) 36... f4 37. Re4 Qc7 $2 (37... Rc1 {keeps fighting.} 38. Bd1 fxg3+ 39. Rxg3 Rxg3 40. Kxg3 Qc7+ 41. Re5 a6) 38. Re5 $2 ({White must play} 38. Rxe6 $18 Rc1 39. Qf2 fxg3+ 40. Rxg3) 38... fxg3+ $2 {[%mdl 8192]} (38... Qc6 $1 $11) 39. Rxg3 Rd8 40. Bf3 Rxb2 41. Rxe6 {Bxd5+ is the strong threat.} Qf4 42. Qe5 Qxh4+ 43. Rh3 {Accuracy: White = 73%, Black = 26%.} 1-0

[Event "FIDE Chesscom Grand Swiss 2019"]
[Site "Douglas-Isle of Man"]
[Date "2019.10.19"]
[Round "9.7"]
[White "Hansen, Eric"]
[Black "Saric, Ivan"]
[Result "0-1"]
[WhiteElo "2611"]
[BlackElo "2667"]
[Annotator "TA"]
[PlyCount "44"]
[EventDate "2019.10.10"]
[EventType "swiss"]
[EventCountry "GBR"]
[SourceTitle "playchess.com"]
[Source "ChessBase"]
[SourceQuality "1"]

{[%evp 9,44,15,22,-18,-15,-19,0,-24,-29,-35,-37,-31,-43,-38,-35,-17,0,-206,-8,-56,-55,-57,-73,-68,-54,-79,-83,-110,-111,-427,-422,-504,-501,-496,-485,-742,-695]} 1. e4 c5 2. Nf3 d6 3. Bb5+ Nd7 4. Ba4 (4. c3 Ngf6 5. Bd3 e6 6. O-O b6 7. Bc2 Bb7 8. Re1 Be7 9. d4 O-O 10. Nbd2 cxd4 11. cxd4 Rc8 12. Nf1 d5 {0-1 (20) Vachier Lagrave,M (2774)-Wei,Y (2721) chess.com INT 2019}) 4... Ngf6 5. O-O e6 6. c4 {B51: Sicilian: Moscow Variation (3 Bb5+) without 3...Bd7} Nxe4 $146 ({Predecessor:} 6... Be7 7. Nc3 O-O 8. d3 Ne5 9. Nxe5 dxe5 10. a3 Bd7 11. Be3 b6 {½-½ (36) Silva,D (2223)-Ortiz Q,J (2207) Batumi 2018}) 7. Re1 Nef6 $1 8. d4 {The position is equal.} cxd4 9. Nxd4 Be7 10. Rxe6 fxe6 11. Nxe6 Qa5 {Hoping for ...Kf7.} 12. c5 dxc5 {Threatens to win with ...Kf7.} 13. Bf4 $2 (13. Na3 $11) 13... c4 $2 ({Black should play} 13... Kf7 $19 14. Ng5+ Kf8 15. Ne6+ Kf7 16. Ng5+ Kf8 17. Ne6+ Kf7) 14. Nc3 (14. Nd2 $5 {[%cal Rd2c4]} Kf7 15. Nxc4 $17) 14... Kf7 {...Nb6 is the strong threat.} 15. Ng5+ $1 Kf8 16. Qe2 Nb6 $1 ({Reject} 16... h6 $6 17. Re1 $14) 17. Re1 {[#]} Qc5 $1 {aiming for ...Bg4.} 18. Be3 Qe5 {White must now prevent ...Bg4.} 19. f4 $2 {[%mdl 8192]} (19. Nf3 $17 {was the crucial defense.} Qd6 {[#]} 20. Bf4 $1 {[%mdl 512]}) 19... Qc7 $19 {Black is clearly winning.} 20. Nb5 Qd7 21. Bxb6 axb6 22. Rd1 (22. Qxc4 $142 Qd5 23. Qb3) 22... Qc6 0-1

[Event "FIDE Chesscom Grand Swiss 2019"]
[Site "Douglas-Isle of Man"]
[Date "2019.10.19"]
[Round "9.8"]
[White "McShane, Luke J"]
[Black "So, Wesley"]
[Result "1/2-1/2"]
[WhiteElo "2682"]
[BlackElo "2767"]
[Annotator "TA"]
[PlyCount "45"]
[EventDate "2019.10.10"]
[EventType "swiss"]
[EventCountry "GBR"]
[SourceTitle "playchess.com"]
[Source "ChessBase"]
[SourceQuality "1"]

{[%evp 10,45,17,9,14,14,11,13,20,9,32,7,0,24,15,22,2,15,21,23,79,88,92,0,0,0,0,0,0,0,0,0,0,0,0,0,0,0]} 1. e4 e5 2. Nf3 Nc6 3. Nc3 Nf6 4. Bb5 Nd4 5. Bc4 Bc5 6. Nxe5 Qe7 $1 {[%cal Re7e5] C48: Four Knights: 4 Bb5, replies other than 4...Bb4} 7. Nf3 ({Of course not} 7. Bxf7+ Kf8 $17) 7... d5 $1 {[%cal Rd5c4]} ({But not} 7... Nxe4 $6 8. Nd5 $16) 8. Bxd5 Bg4 9. d3 ({Much weaker is} 9. Bxb7 Rb8 $17) 9... O-O-O 10. Be3 Nxd5 11. Nxd5 Rxd5 12. exd5 Re8 $1 13. O-O Bxf3 14. gxf3 {[#] Black must now prevent Re1.} Qh4 15. f4 {Strongly threatening Bxd4.} Bd6 {Threatens to win with ...Qh3.} 16. Bxd4 (16. Kh1 $16) 16... Bxf4 $11 {[%csl Gf4][%cal Rh4h2] The position is equal.} 17. Kg2 Qxh2+ (17... Qg5+ 18. Kh1 Qh4 {½-½ (21) Vallejo Pons,F (2693)-Caruana,F (2819) Karlsruhe/Baden Baden 2019}) 18. Kf3 {[#] And now Rh1 would win.} Qh3+ 19. Kxf4 Qh2+ $1 20. Kf3 Qh3+ $1 {[#]} 21. Kf4 $146 Qh2+ $1 22. Kf3 Qh3+ $1 23. Kf4 1/2-1/2

[Event "FIDE Chesscom Grand Swiss 2019"]
[Site "Douglas-Isle of Man"]
[Date "2019.10.19"]
[Round "9.8"]
[White "Vovk, Andriy"]
[Black "Ganguly, Surya Shekhar"]
[Result "1/2-1/2"]
[WhiteElo "2618"]
[BlackElo "2658"]
[Annotator "RC"]
[PlyCount "113"]
[EventDate "2019.10.10"]
[EventType "swiss"]
[EventCountry "GBR"]
[SourceTitle "playchess.com"]
[Source "ChessBase"]
[SourceQuality "1"]
[TimeControl "40/6000+30:20/3000+30:900+30"]

1. e4 {[%emt 0:05:58]} e6 {[%emt 0:00:00]} 2. d4 {[%emt 0:00:28]} d5 {[%emt 0:00:00]} 3. Nd2 {[%emt 0:00:28]} c5 {[%emt 0:00:00]} 4. exd5 {[%emt 0:01:11]} Qxd5 {[%emt 0:00:06]} 5. Ngf3 {[%emt 0:00:55]} cxd4 {[%emt 0:00:09]} 6. Bc4 {[%emt 0:00:14]} Qd7 {[%emt 0:00:23]} 7. O-O {[%emt 0:01:26]} Nc6 {[%emt 0:00:21]} 8. Nb3 {[%emt 0:01:50]} a6 {[%emt 0:00:08]} 9. Nbxd4 {[%emt 0:00:48]} Nxd4 {[%emt 0:00:08]} 10. Nxd4 {[%emt 0:00:07]} Qc7 {[%emt 0:00:05]} 11. Bd3 {[%emt 0:03:27]} Bd6 {[%emt 0:00:21]} 12. h3 {[%emt 0:01:00]} Ne7 {[%emt 0:01:51]} 13. Qh5 {[%emt 0:07:13]} Bd7 {[%emt 0:10:30]} 14. Re1 {[%emt 0:08:26]} Qc5 {[%emt 0:02:41]} 15. Qxc5 {[%emt 0:07:32]} Bxc5 {[%emt 0:00:11]} 16. Be3 {[%emt 0:00:18]} Bd6 {[%emt 0:08:20]} 17. Rad1 {[%emt 0:11:06]} O-O-O {[%emt 0:03:58]} 18. Be4 {[%emt 0:05:37]} h6 {[%emt 0:11:58]} 19. Bf3 {[%emt 0:15:05]} Ba4 {[%emt 0:04:03]} 20. b3 {[%emt 0:05:41]} Bd7 {[%emt 0:01:00]} 21. c3 {[%emt 0:00:06]} Kc7 {[%emt 0:03:36]} 22. Kf1 {[%emt 0:02:57]} Rhe8 {[%emt 0:10:29]} 23. Bh5 {[%emt 0:05:46]} Rf8 {[%emt 0:04:42]} 24. Bf3 {[%emt 0:00:47]} e5 {[%emt 0:17:20]} 25. Nc2 {[%emt 0:01:02]} f5 {[%emt 0:01:57]} 26. Bb6+ {[%emt 0:03:41]} Kxb6 {[%emt 0:00:09]} 27. Rxd6+ {[%emt 0:00:01]} Kc7 {[%emt 0:00:33]} 28. Rdd1 {[%emt 0:00:12]} e4 {[%emt 0:00:46]} 29. Be2 {[%emt 0:00:41]} Bc8 {[%emt 0:01:44]} 30. c4 {[%emt 0:01:22]} Ng8 {[%emt 0:07:00]} 31. Bh5 {[%emt 0:13:15]} g5 {[%emt 0:01:54]} 32. Nd4 {[%emt 0:03:45]} Rd6 {[%emt 0:01:57]} 33. Rd2 {[%emt 0:01:08]} Nf6 {[%emt 0:00:58]} 34. Be2 {[%emt 0:00:29]} f4 {[%emt 0:03:01]} 35. Red1 {[%emt 0:00:19]} Rdd8 {[%emt 0:00:20]} 36. Kg1 {[%emt 0:00:58]} h5 {[%emt 0:03:27]} 37. Nc2 {[%emt 0:00:26]} b6 {[%emt 0:01:18]} 38. b4 {[%emt 0:01:11]} Rxd2 {[%emt 0:01:22]} 39. Rxd2 {[%emt 0:00:03]} Rd8 {[%emt 0:00:08]} 40. Nd4 {[%emt 0:00:34]} g4 {[%emt 0:07:55]} 41. hxg4 {[%emt 0:04:07]} hxg4 {[%emt 0:03:03]} 42. c5 {[%emt 0:02:48]} bxc5 {[%emt 0:02:13]} 43. bxc5 {[%emt 0:00:04]} Rd5 {[%emt 0:00:56]} 44. Nb3 {[%emt 0:02:55]} Rxd2 {[%emt 0:03:06]} 45. Nxd2 {[%emt 0:00:04]} Kc6 {[%emt 0:01:56]} 46. Nb3 {[%emt 0:00:37]} Kd5 {[%emt 0:01:06]} 47. f3 {[%emt 0:03:42]} exf3 {[%emt 0:05:41]} 48. gxf3 {[%emt 0:00:34]} g3 {[%emt 0:00:06]} 49. Bd3 {[%emt 0:01:03]} Ke5 {[%emt 0:01:19]} 50. c6 {[%emt 0:04:29]} Kd5 {[%emt 0:04:43]} 51. c7 {[%emt 0:01:32]} Ne8 {[%emt 0:00:44]} 52. Be4+ {[%emt 0:03:23]} Ke5 {[%emt 0:00:11]} 53. Nc5 {[%emt 0:07:46]} Kd4 {[%emt 0:01:44]} 54. Nd3 {[%emt 0:00:28]} Ke3 {[%emt 0:00:06]} 55. Ne1 {[%emt 0:00:06]} Kd4 {[%emt 0:05:05]} 56. Nd3 {[%emt 0:00:17]} Ke3 {[%emt 0:00:21]} 57. Ne1 {[%emt 0:00:05]} 1/2-1/2

[Event "FIDE Chesscom Grand Swiss 2019"]
[Site "Douglas-Isle of Man"]
[Date "2019.10.19"]
[Round "9.9"]
[White "Yu, Yangyi"]
[Black "Adhiban, B.."]
[Result "1/2-1/2"]
[WhiteElo "2763"]
[BlackElo "2639"]
[Annotator "TA"]
[PlyCount "119"]
[EventDate "2019.10.10"]
[EventType "swiss"]
[EventCountry "GBR"]
[SourceTitle "playchess.com"]
[Source "ChessBase"]
[SourceQuality "1"]

{[%evp 10,119,32,29,29,29,25,13,24,20,32,28,32,28,29,25,26,17,21,22,16,28,28,22,30,15,36,0,0,0,0,0,-1,-2,0,-2,-6,-6,0,-27,-8,-10,-1,-9,-8,-6,0,-35,-29,-49,-52,-40,-37,-47,-37,-67,-66,-67,-67,-118,0,-83,-47,-47,-48,-93,-21,-21,-34,-40,-40,-33,0,0,0,-2,-2,-3,0,0,0,0,0,0,0,0,0,0,0,0,0,0,0,0,0,0,0,0,0,0,0,0,0,0,0,0,0,0,0,0,0,0]} 1. e4 c6 2. Nf3 d5 3. Nc3 dxe4 4. Nxe4 Nf6 5. Qe2 Nxe4 6. Qxe4 Be6 {B11: Caro-Kann: Two Knights Variation} 7. b3 Nd7 8. Bc4 $146 ({Predecessor:} 8. Bb2 Nf6 9. Qe2 Bg4 10. h3 Bxf3 11. Qxf3 g6 12. d4 Bg7 13. Be2 Qa5+ 14. c3 {½-½ (61) Maze,S (2578)-Eljanov,P (2682) Skopje 2019}) 8... Nf6 9. Qe2 Bd5 10. O-O Bxf3 11. Qxf3 e6 12. a4 a5 13. Bb2 Be7 14. Rad1 O-O 15. Qg3 Ne8 16. Rfe1 Bf6 17. d4 Qd6 18. Bd3 Qxg3 19. hxg3 Nc7 20. Be4 h5 21. Bf3 g6 22. g4 hxg4 23. Bxg4 Rfd8 24. c3 Kg7 25. g3 Rd7 26. Kg2 Nd5 27. Bf3 Rc8 (27... Rb8 {looks sharper.} 28. Rc1 b6 29. Ba3 Be7 30. Bb2 b5) 28. Bxd5 (28. Rc1 {feels hotter.} c5 29. dxc5 Rxc5 30. Red1 Rdc7 31. Bxd5 Rxd5 32. Rxd5 exd5 33. Rd1) 28... cxd5 29. Ra1 Rd6 {Strongly threatening ...Rb6.} 30. Rab1 $1 Rb6 31. Ba1 g5 32. g4 Kg6 33. Re3 Rh8 34. Ree1 ({White should play} 34. Rh3 $15) 34... Rc8 35. Re3 $1 Bg7 36. Ree1 Rbc6 37. Bb2 b5 (37... Rh8 $17) 38. axb5 $11 Rb6 39. Rec1 {With the idea c4.} Rxb5 40. Ba3 a4 41. bxa4 {The position is equal.} Ra5 42. Bb4 Rxa4 {...Bxd4! is the strong threat.} 43. Ra1 Rca8 44. Rxa4 Rxa4 {[%mdl 4096] Endgame KRB-KRB} 45. Rb1 Bf6 46. Rb3 Bd8 47. Ra3 Rxa3 48. Bxa3 {KB-KB} Ba5 49. Bb4 Bb6 50. f3 Kf6 51. Kf1 e5 52. dxe5+ Kxe5 53. Ke2 Ke6 54. Kd3 Ba7 55. Ba3 Bb6 56. c4 dxc4+ 57. Kxc4 f5 58. Bc1 Bd8 59. Kd3 Be7 60. Be3 {Accuracy: White = 71%, Black = 67%.} 1/2-1/2

[Event "FIDE Chesscom Grand Swiss 2019"]
[Site "Douglas-Isle of Man"]
[Date "2019.10.19"]
[Round "9.9"]
[White "Erdos, Viktor"]
[Black "Sarana, Alexey"]
[Result "1/2-1/2"]
[WhiteElo "2604"]
[BlackElo "2655"]
[Annotator "RC"]
[PlyCount "66"]
[EventDate "2019.10.10"]
[EventType "swiss"]
[EventCountry "GBR"]
[SourceTitle "playchess.com"]
[Source "ChessBase"]
[SourceQuality "1"]
[TimeControl "40/6000+30:20/3000+30:900+30"]

1. e4 {[%emt 0:00:00]} c5 {[%emt 0:00:00]} 2. Nf3 {[%emt 0:00:00]} d6 {[%emt 0:00:02]} 3. Bb5+ {[%emt 0:00:00]} Nd7 {[%emt 0:01:09]} 4. d4 {[%emt 0:00:20]} Ngf6 {[%emt 0:00:08]} 5. O-O {[%emt 0:00:06]} cxd4 {[%emt 0:03:13]} 6. Qxd4 {[%emt 0:00:44]} e5 {[%emt 0:00:52]} 7. Qd3 {[%emt 0:00:12]} Be7 {[%emt 0:01:11]} 8. c4 {[%emt 0:09:46]} O-O {[%emt 0:00:53]} 9. Bxd7 {[%emt 0:00:04]} Bxd7 {[%emt 0:01:25]} 10. Nc3 {[%emt 0:00:24]} Be6 {[%emt 0:01:57]} 11. Ng5 {[%emt 0:08:08]} Qc7 {[%emt 0:04:18]} 12. Nxe6 {[%emt 0:03:31]} fxe6 {[%emt 0:00:03]} 13. b3 {[%emt 0:00:22]} Qc6 {[%emt 0:00:42]} 14. Qh3 {[%emt 0:26:45]} d5 {[%emt 0:05:48]} 15. exd5 {[%emt 0:00:22]} exd5 {[%emt 0:00:04]} 16. cxd5 {[%emt 0:00:23]} Nxd5 {[%emt 0:00:06]} 17. Nxd5 {[%emt 0:00:03]} Qxd5 {[%emt 0:00:07]} 18. Be3 {[%emt 0:00:04]} Bc5 {[%emt 0:05:27]} 19. Bxc5 {[%emt 0:01:39]} Qxc5 {[%emt 0:00:02]} 20. Qe6+ {[%emt 0:00:11]} Kh8 {[%emt 0:01:29]} 21. Rac1 {[%emt 0:00:17]} Qa5 {[%emt 0:00:03]} 22. Rc2 {[%emt 0:04:58]} Rae8 {[%emt 0:06:14]} 23. Qd6 {[%emt 0:08:26]} e4 {[%emt 0:00:48]} 24. Qc5 {[%emt 0:00:46]} Qxc5 {[%emt 0:01:10]} 25. Rxc5 {[%emt 0:00:03]} Rd8 {[%emt 0:00:05]} 26. Rc2 {[%emt 0:04:29]} Rd4 {[%emt 0:05:30]} 27. Rfc1 {[%emt 0:11:35]} h6 {[%emt 0:01:23]} 28. Kf1 {[%emt 0:00:10]} Kh7 {[%emt 0:00:03]} 29. Ke2 {[%emt 0:00:25]} Rfd8 {[%emt 0:00:04]} 30. Ke3 {[%emt 0:00:28]} Rd3+ {[%emt 0:00:18]} 31. Kxe4 {[%emt 0:06:06]} R8d4+ {[%emt 0:00:05]} 32. Ke5 {[%emt 0:00:05]} Rd5+ {[%emt 0:00:05]} 33. Ke4 {[%emt 0:00:04]} R5d4+ {[%emt 0:00:04]} 1/2-1/2

[Event "FIDE Chesscom Grand Swiss 2019"]
[Site "Douglas-Isle of Man"]
[Date "2019.10.19"]
[Round "9.10"]
[White "Grischuk, Alexander"]
[Black "Shirov, Alexei"]
[Result "1-0"]
[WhiteElo "2759"]
[BlackElo "2664"]
[Annotator "TA"]
[PlyCount "103"]
[EventDate "2019.10.10"]
[EventType "swiss"]
[EventCountry "GBR"]
[SourceTitle "playchess.com"]
[Source "ChessBase"]
[SourceQuality "1"]

{[%evp 20,103,13,0,19,12,18,18,16,16,9,10,14,19,31,-30,-12,-30,-28,-43,-19,-12,-21,-11,31,29,56,27,87,47,43,38,156,102,96,93,161,128,183,191,181,164,456,448,416,417,564,321,551,224,195,181,236,232,540,548,664,333,300,247,383,393,381,384,385,376,375,345,382,358,360,366,441,454,451,429,441,424,519,516,492,529,511,518,616,605]} 1. e4 e6 2. d4 d5 3. Nc3 Nf6 4. e5 Nfd7 5. f4 c5 6. Nf3 Nc6 7. Be3 cxd4 8. Nxd4 Qb6 9. Qd2 Qxb2 10. Rb1 Qa3 11. Bb5 {aiming for Rb3.} Nxd4 {C11: French: Classical System: 4 e5 and 4 Bg5 dxe4} 12. Bxd4 a6 13. Bxd7+ Bxd7 {The position is equal.} 14. Rb3 Qe7 $1 15. Rxb7 Rc8 16. O-O (16. Qe3 Qd8 17. O-O Rc4 18. Rfb1 Be7 19. f5 {½-½ (31) Aronian,L (2763)-Vallejo Pons,F (2693) Karlsruhe/Baden Baden 2019}) 16... Qd8 {[#]} 17. Rf3 $146 ({White should play} 17. Qe3 $14) ({Predecessor:} 17. Rfb1 Bc5 18. Bxc5 Rxc5 19. f5 {0-1 (29) Volokitin,A (2636)-Aryan,C (2553) Abu Dhabi 2019}) 17... Rc4 $11 {Hoping for ...Qc8.} 18. Ne2 Qc8 19. Rb2 Bc5 20. h3 O-O 21. Kh2 f6 22. exf6 gxf6 23. Bxc5 Rxc5 (23... Qxc5 $11 24. f5 Qd6+ 25. Rg3+ Kh8) 24. Rg3+ Kh8 25. Nd4 Rg8 (25... Qc7 $14) 26. Rbb3 (26. Rxg8+ $142 $1 Kxg8 27. Rb6) 26... Rxg3 $16 27. Rxg3 {And now f5! would win.} Qf8 (27... Qe8 $16) 28. Qe3 Rc4 (28... Qe8 $16 {is a better defense.}) 29. Nxe6 $18 Qe7 30. Ng5 Qe8 $2 {[#]} (30... Qf8) 31. Qb6 $1 {[%csl LRa6,LRf6][%cal Rb6f6]} Rc6 32. Qd4 Qe7 33. c3 Be8 $2 {[#]} (33... a5 34. f5 (34. Qxd5 fxg5 35. Rxg5 Rg6 $11) 34... h6) 34. Nf3 (34. Re3 $142 $1 Qd7 35. Qb4) 34... Bf7 35. Qd2 Rb6 (35... Rc8 {keeps fighting.} 36. Nd4 Rg8) 36. Nd4 Bg6 $2 (36... Qc5 {is a better chance.} 37. Qe2 Qf8) 37. f5 Bf7 38. Qf4 Bg8 39. Re3 $40 {[%mdl 128] White is out for blood.} Qd6 (39... Qf8 $142 40. Rg3 Rd6) 40. Qxd6 Rxd6 {[%mdl 4096] Endgame KRB-KRN} 41. Re7 Rd8 42. Rc7 a5 43. a4 Re8 44. Kg3 Re1 {Black hopes to continue with ...Ra1.} 45. Rc5 Kg7 46. Kf2 {White is clearly winning.} Rc1 47. Ne2 Rc2 48. Ke3 h5 49. h4 Ra2 50. Rxa5 Bh7 51. Rxd5 Rxa4 52. Nf4 {Accuracy: White = 75%, Black = 35%.} 1-0